000 01045nam a2200349Ia 4500
001 dia_6428
003 CHAP
005 20251023163739.0
008 220117s2008 xx 000 0 und d
010 _a177517
020 _a978-607-11-0163-1
040 _cCHAP
082 _a808.839375 M49 C74 2008
100 _aMeyer, Stephenie
_9161418
245 _aCrepúsculo /
_c Stephenie Meyers
260 _aMéxico :
_b Santillana Ediciones Generales,
_c2008
300 _a531 p.
440 _aPunto de lectura
_9133458
500 _aTítulo original: Twilight
503 _aD.
590 _aPS3613.E979 C74 2008
650 _aAmerican literature
_x21st century
_9153959
650 _aFiction
_9152751
650 _aLiteratura americana
_xSiglo XXI
_9153678
650 _aNovela
_982011
650 _aVampires
_xFiction
_9160312
650 _aVampiros
_xNovela
_9160313
901 _a808.839375 M49 C74 2008
902 _aM
905 _a5222272008 mx x 9222223332spa16
942 _cLIBRO
_2ddc
999 _c177517
_d177517